Quizzes
Events
Quiz Creation
Community
Videos
Private Events
Remove Ads
Sign In
Join for FREE
Feedback
Dark Mode
Quiz Categories
Sports
Geography
Music
Movies
Television
Just For Fun
Miscellaneous
History
Literature
Language
Science
Gaming
Entertainment
Religion
Holiday
For Kids
Quiz Lab
Recent
Popular Today
Quiz Kudos Today
Editor Picks
Curator Picks
Quizzes by...
Day
Popularity
Type
Ratings
Length
Year
Community
Subscriptions
Recent Discussions
Orange Saloon
Badges
Playlists
Quests
Create
Leaderboards
Showdown
Live 5
Trivia Bingo
Activity
Puzzle Library
Sporcle Events
Private Events
Virtual Trivia
Globe League
Become a Host
Pub Owners
SporcleCon
Opinionation
Our Games
Videos
Blog
Mobile Apps
Partnerships
Remove Ads and Go Orange
Feedback
Language
Vocabulary
Begins and Ends
Definition
Spanish
French
German
Italian
Chinese
Latin
Translation
Japanese
Language
Vocabulary
Begins and Ends
Definition
Spanish
French
German
Italian
Chinese
Latin
Translation
Japanese
Random Quiz
Search Sporcle
×
Quiz Lab
Quiz Lab
Language
Definition
Type in answers that appear in a list
Type in answers that appear in a list
Classic
Best Score? Go Orange.
Quiz #1 Kelimeler Stats
Can you name the Quiz #1 Kelimeler?
By
personaljesus6
5m
80 Questions
92 Plays
92 Plays
92 Plays
Comments
Comments
Give Quiz Kudos
Give Quiz Kudos
-
- Ratings
hide this ad
Forced Order
Answers have to be entered in order
Answers have to be entered in order
Random Order
Randomize order of answers
Randomize order of answers
Replay
Link that replays current quiz
Next Quiz
Link to next quiz in quiz playlist
You Got
0%
They Got
Avg Score
61%
Avg Friend Score
Upgrade to see
Score Distribution
Jump to the score distribution portion of the page
Score
0/80
Timer
05:00
0
Plays Today
Definition
Word
% Correct
to agree
concur
85.9%
to fake
feign
84.8%
sth that is not improper in a society
taboo
84.8%
puzzle
enigma
82.6%
basic
rudimentary
81.5%
producing/
creating large amounts
prolific
81.5%
outcast, someone who is rejected
pariah
81%
harsh verbal attack
diatribe
80.4%
peaceful, calm
tranquil
80.4%
make something seem reasonable
rationalize
80.4%
standing still
stagnant
80%
emotional
poignant
79.3%
doubtful
dubious
79.3%
not caring about anything
apathy
79.3%
dull, ordinary
mundane
79.3%
to compare side by side
juxtapose
79.3%
practical
pragmatic
79.3%
reproduction, copy
facsimile
79.3%
bring together in action
galvanize
78.5%
evil
nefarious
78.3%
throw off
jettison
78.3%
equal
tantamount
78.3%
totally foolish
asinine
78.3%
shapeable, moldable
malleable
78.3%
extremely loyal
staunch
78.3%
embarrass
mortify
75%
lively
vivacious
75%
sth that is not normal
anomaly
75%
interrupt
interject
75%
fearless
intrepid
75%
conspiracy, a secret agreement for bad purposes
collusion
74.6%
mass exiting
exodus
74.6%
something clever, a witty statement
witticism
74.6%
large amount of sth
plethora
73.9%
innocent
innocuous
73.9%
frantic, crazy
frenetic
73.8%
not religious
secular
73.8%
disheartened, extremely sad
despondent
73%
spread, scatter
disseminate
73%
shortened
truncated
73%
Definition
Word
% Correct
unclear
ambiguous
72.8%
harmful
detrimental
72.3%
touchable, real, concrete
tangible
72.3%
suave, well put together
dapper
71.4%
aware of sth
cognizant
70.7%
causing annoyance, annoying
vexatious
70.7%
hardworking
tenacious
70.7%
straightforward
candid
69.8%
extreme happiness
euphoria
69.8%
change
metamorphosis
69.6%
extremely small
diminutive
69.6%
put down sth
quell
69.6%
ruthless
Machiavellian
69.2%
all-
powerful
omnipotent
69.2%
exaggerate, to make something seem better by adding extra details
embellish
69.2%
direct opposite
antithesis
68.5%
destroy, wipe out
obliterate
67.7%
deserving praise
laudable
67.7%
sarcastic
facetious
67.4%
social
gregarious
67.4%
next to, close to
adjacent
66.7%
sneaky
clandestine
66.7%
true, authentic
bona fide
66.7%
old, out of date
antiquated
66.7%
someone who mistrusts/
hates mankind
misanthrope
66.2%
to make something seem evil
vilify
64.6%
hypocritically religious
sanctimonious
63.1%
scary, threatening
ominous
63.1%
silent
reticent
63.1%
consuming large amounts
voracious
63%
showing favoritism towards relatives
nepotism
61.9%
overwhelm
inundate
61.9%
discovering something pleasant by accident
serendipitous
61.9%
easy to control
docile
61.5%
collect, increase in number
accumulate
58.7%
arrogance, excessive confidence
temerity
57.1%
giving, caring
altruistic
55.4%
picky, focused on small details
meticulous
52.3%
in ruins
derelict
50.8%
lucky
fortuitous
50.8%
Quiz Playlist
Details
Report
Send in Message
Add To Playlist
Classic:
Type in answers that appear in a list
Forced Order:
Answers have to be entered in order
Random Order:
Randomize order of answers
Last Updated: Feb 16, 2017
Quiz Scoreboard
CHALLENGE
Sign Up to Join the Scoreboard
Show All
Scores
Hide
Comments
May contain spoilers
Recently Published
9x9 Crossword: Cartoon Network
by jackfrog10
Miscellaneous
3m
College Basketball Coaching Resumes
by pancakes188
Sports
9m
Billboard Blitz: Fleetwood Mac
by CooCooCachoo
Music
15s
More to Explore
Quiz From the Vault
Featured Blog Post
Where Did the Easter Bunny Come From?
hide this ad
You Might Also Like...
Tags
Definition Quiz
Today's Top Quizzes in Language
Browse Language
hide this ad
Today's Top Quizzes in Definition
Browse Definition
Top Contributed Quizzes in Language
1
1-10 Letter F Words III
2
1-10 Letter G Words III
3
Alphabetize! : 'As' words
4
1-10 Letter H Words III
5
Celtic Nations in their Language
6
1-10 Letter I Words III
7
One Thing in Common: Italy
8
Order Up: Top 10 Most Native Spoken Languages
9
1-10 Letter J Words III
10
Weisst du, aus welchen Sprachen diese Wörter stammen?
Explore More
Trending Topics
Anime
Crossword
Marvel
Kpop
NBA
Harry Potter
Disney
Soccer
Puzzle
WWE
The Office
Song
Pokémon
Country
NFL
hide this ad
More By:
personaljesus6
Quiz
Plays
Rating
Category
Featured
Created
Quiz #1 Kelimeler
92
Language
Oct 13, 2011
European Clubs: Promoted and Relegated In 2011
74
5.00
Sports
Nov 9, 2011
Go to Creator's Profile
Score Distribution
Quiz Creator Spotlight
personaljesus6
Follow
Send a Message
Quizzes Created
-
Created Quiz Play Count
-
More By This Creator
Popular Quizzes Today
1
Find the US States - No Outlines Minefield
2
Find the Countries of Europe - No Outlines Minefield
3
The Countries of the World
4
Find the US States
5
Risky Map Clicking: Biggest States A-Z
6
US States
7
Popular People in 1961
8
Movies - When Are They Set?
More Language Quizzes
Earn a BA in English
Published
Trending Quizzes
Risky Map Clicking: Least Populous States A-Z
1-10 Letter G Words
1-10 Letter F Words
Risky Map Clicking: Next State Alphabetically
Adjectives in 80s TV Shows
Recently Updated
Leaping Animals
pecheneg
Reality TV Shows (A-Z)
bhenderson79
Rickey Henderson's Hall of Fame Teammates
pecheneg
Champions League XIs: Arsenal
pecheneg
Quick Pick: Celebrities in WWE's Hall of Fame
aduchscher
A-Z Keypad Blitz II
pecheneg
Multiple Oscar Actors
pecheneg
Mystery Phrase Blitz: Oscar 'Best Actors'
pecheneg
F. Scott Fitzgerald Novels
LTH
Pick 3 Villains
ddd62291
Trending Topics
Crossword
Kpop
Harry Potter
Marvel
NBA
Anime
Disney
Country
Soccer
The Office
Song
Puzzle
NFL
WWE
Pokémon
Your Account Isn't Verified!
In order to create a playlist on Sporcle, you need to verify the email address you used during registration. Go to your
Sporcle Settings
to finish the process.
Report this User
Report this user for behavior that violates our
Community Guidelines
.
Details:
Send Report
Go to the Sporcle.com Mobile Site →
Comments